Score 0/24 Timer 07:00
0 Plays Today
% Correct
Men at Work
97%
Rain Man
91.8%
Duran Duran
90.3%
Tar Baby
90.2%
Cujo
89.5%
Def Leppard
89.4%
Culture Club
86.9%
Stray Cats
86.7%
Out of Africa
84.3%
The Color Purple
84%
Ordinary People
78.4%
The Smiths
73.9%
% Correct
Gandhi
71.6%
Cosmos
69.1%
Chariots of Fire
68%
In Search of Excellence
57.7%
Bangles
57.5%
The Last Emperor
53.9%
Amadeus
53.1%
Platoon
43.5%
The Accidental Tourist
39.4%
Madness
26.9%
The Satanic Verses
23.7%
Redwall
13.9%

You're not logged in!

Compare scores with friends on all Sporcle quizzes.
OR
Log In

Sporcle TV

Today on Sporcle TV


Watch our educational content, quiz creation guides, and fun videos on Sporcle TV.

Show Comments

Extras

Top Quizzes Today


Score Distribution

Paid Content

Your Account Isn't Verified!

In order to create a playlist on Sporcle, you need to verify the email address you used during registration. Go to your Sporcle Settings to finish the process.

Report this User

Report this user for behavior that violates our Community Guidelines.

Details: